|
|
|
|
| LEADER |
00000ny a22000003n 4500 |
| 005 |
20110614150828.0 |
| 008 |
081113s2009 us ||e |||1 ||eng d |
| 020 |
|
|
|a 9781414404786
|
| 035 |
|
|
|a 2711
|
| 040 |
|
|
|a BUS
|d vLex
|
| 090 |
|
|
|c 688
|d 688
|
| 245 |
0 |
0 |
|a Encyclopedia of management
|h [Recurso electrn̤ico]
|
| 256 |
|
|
|a Servicio en ln̕ea
|
| 260 |
|
|
|a Detroit [etc.] :
|b Gale,
|c cop. 2009
|
| 300 |
|
|
|a v. ;
|c 29 cm
|
| 500 |
|
|
|a Incluye n̕dice
|
| 504 |
|
|
|a Incluye referencias bibliogrf̀icas
|
| 506 |
1 |
|
|a Contenido solo disponible en los productos indicados
|d vLex Global
|d vLex Global (Academic Edition, excluding Law Schools)
|d vLex Global (Academic Edition, Law Schools)
|
| 650 |
0 |
4 |
|a Empresas
|x Diccionarios y enciclopedias en ln̕ea
|
| 650 |
0 |
4 |
|a Gestin̤ de empresas
|x Diccionarios y enciclopedias
|
| 740 |
0 |
|
|a vLex Libros (Servicios en ln̕ea)
|
| 856 |
4 |
0 |
|u http://vlex.com/source/2711
|z Acceso restringido
|
| 942 |
|
|
|c BOOK
|
| 999 |
0 |
|
|a Business enterprises
|b Estados Unidos
|